01091cam a2200301 i 4500003000900000005001700009008004100026020002700067020002100094020003200115020002600147040003800173050002200211082001400233245010600247264003800353300003200391336002600423337002600449338003600475504005100511650003500562650003700597650003700634700003700671700002100708856006000729EG-GICUC20260121101734.0910329s1991 cou frb 001 0 eng d a0813313562qalk. paper a0813313570qpbk. a9780813313566q(alk. paper) a9780813313573q(pbk.) aDLCcDLCdDLCdEG-GICUCbengerda00aKZ6374b.L39 199100a341.622100aLaw and force in the new international order /cedited by Lori Fisler Damrosch and David J. Scheffer. aBoulder :bWestview Press,c1991. axviii, 326 pages ;c24 cm. atextbtxt2rdacontent aComputerbn2rdamedia aOnline Resourcebnc2rdacarrier aIncludes bibliographical references and index. 0aAggression (International law) 0aIntervention (International law) 0aSelf-defense (International law)1 aDamrosch, Lori F.q(Lori Fisler)1 aScheffer, David.40uhttps://fll.law.cu.edu.eg/fulltext/bks/ENGB11-00072.pdf